| 000 -LEADER |
| fixed length control field |
01735pam a2200289 a 4500 |
| 001 - CONTROL NUMBER |
| control field |
3560078 |
| 005 - DATE AND TIME OF LATEST TRANSACTION |
| control field |
20221117151400.0 |
| 008 - FIXED-LENGTH DATA ELEMENTS--GENERAL INFORMATION |
| fixed length control field |
980401s1998 nyua b 001 0 eng |
| 010 ## - LIBRARY OF CONGRESS CONTROL NUMBER |
| LC control number |
98017816 |
| 020 ## - INTERNATIONAL STANDARD BOOK NUMBER |
| International Standard Book Number |
0471192465 (acidfree paper) |
| 040 ## - CATALOGING SOURCE |
| Original cataloging agency |
DLC |
| Transcribing agency |
DLC |
| Modifying agency |
DLC |
| 050 00 - LIBRARY OF CONGRESS CALL NUMBER |
| Classification number |
TK454 |
| Item number |
.D67 1998 |
| 082 00 - DEWEY DECIMAL CLASSIFICATION NUMBER |
| Classification number |
621.31924,DOR |
| Edition number |
21 |
| 100 1# - MAIN ENTRY--PERSONAL NAME |
| Personal name |
Dorf, Richard C. |
| 245 10 - TITLE STATEMENT |
| Title |
Introduction to electric circuits / |
| Statement of responsibility, etc. |
Richard C. Dorf, James A. Svoboda. |
| 246 30 - VARYING FORM OF TITLE |
| Title proper/short title |
Electric circuits |
| 250 ## - EDITION STATEMENT |
| Edition statement |
4th ed. |
| 260 ## - PUBLICATION, DISTRIBUTION, ETC. |
| Place of publication, distribution, etc. |
New York : |
| Name of publisher, distributor, etc. |
John Wiley, |
| Date of publication, distribution, etc. |
[1998]. |
| 300 ## - PHYSICAL DESCRIPTION |
| Extent |
xxiii, 914 p. : |
| Other physical details |
ill. (some col.) ; |
| Dimensions |
27 cm. + |
| Accompanying material |
1 computer laser optical disc (4 3/4 in.) |
| 505 ## - FORMATTED CONTENTS NOTE |
| Formatted contents note |
Electric Circuit Variables (Page-1), Circuit Elements (Page-31), Resistive Circuits (Page-71), Methods of Analysis of Resistive Circuits (Page-113), Circuit Theorems (Page-167), The Operational Amplifier (Page217), Energy Storage Elements (Page-268), The Complete Response of RL and RC Circuits (Page-321), The Complete Response of Circuits with Two Energy Storage Elements (Page-385), Sinusoidal Steady-State Analysis (Page-441), AC Steady-State Power (Page-513), Three-Phase Circuits (Page-577), Frequency Response (Page-617), The Laplace Transform (Page-675), Fourier Series and Fourier Transform (Page-675), Fourier Series (Page-733), Filter Circuits (Page-769), Two-Port and Three-Port Networks (Page-817). |
| 650 #0 - SUBJECT ADDED ENTRY--TOPICAL TERM |
| Topical term or geographic name entry element |
Electric circuits. |
| 9 (RLIN) |
10997 |
| 700 1# - ADDED ENTRY--PERSONAL NAME |
| Personal name |
Svoboda, James A. |
| 9 (RLIN) |
96331 |
| 856 4# - ELECTRONIC LOCATION AND ACCESS |
| Materials specified |
Table of Contents |
| Uniform Resource Identifier |
<a href="http://www.loc.gov/catdir/toc/onix01/98017816.html">http://www.loc.gov/catdir/toc/onix01/98017816.html</a> |
| 856 42 - ELECTRONIC LOCATION AND ACCESS |
| Materials specified |
Publisher description |
| Uniform Resource Identifier |
<a href="http://www.loc.gov/catdir/enhancements/fy0706/98017816-d.html">http://www.loc.gov/catdir/enhancements/fy0706/98017816-d.html</a> |
| 906 ## - LOCAL DATA ELEMENT F, LDF (RLIN) |
| a |
7 |
| b |
cbc |
| c |
orignew |
| d |
1 |
| e |
ocip |
| f |
19 |
| 942 ## - ADDED ENTRY ELEMENTS (KOHA) |
| Source of classification or shelving scheme |
|
| Koha item type |
Book |